El Desistimiento voluntario de la tentativa en el Cd̤igo Penal espaǫl

Detalles Bibliográficos
Autor principal: Přez Ferrer, Ft̀ima
Formato: eBook
Lenguaje:español
Publicado: Madrid : Dykinson, 2008
Materias:
Acceso en línea:Acceso restringido

MARC

LEADER 00000nam a2200000 a 4500
005 20120119114226.0
007 cr |||||||||||
008 110517s2008 sp ||||fs|||||0|| 0 spa|c
020 |a 9788498492149  
035 |a 2730 
040 |d vLex 
090 |c 2934  |d 2934 
100 1 |a Přez Ferrer, Ft̀ima 
245 1 3 |a El Desistimiento voluntario de la tentativa en el Cd̤igo Penal espaǫl  |h [Recurso electrn̤ico] /  |c Ft̀ima Přez Ferrer 
256 |a Servicio en ln̕ea 
260 |a Madrid :  |b Dykinson,  |c 2008 
300 |a 1 recurso electrn̤ico (445 p.) 
500 |a El desistimiento es una institucin̤ absolutamente singular dentro de la teora̕ jurd̕ica del delito, pues su configuracin̤ penetra, se desenvuelve y resuelve en el nc︢leo de la misma. De todas las instituciones cls̀icas del derecho penal ninguna presenta unos lm̕ites tan borrosos y discutibles como el desistimiento voluntario de la tentativa, por ello, no es extraǫ que siempre haya sido objeto de viva discusin̤ doctrinal. En ella se abordan muchas de as cuestiones que, a nuestro juicio, son fundamentales para comprender mejor la problemt̀ica de esta institucin̤. Todo comportamiento humano, en el m̀bito de las infracciones punibles, recorre un determinado camino, el denominado iter criminis, en cuyo trayecto, el sujeto puede cambiar de opinin̤, por diferentes motivos, y comportarse de tal manera que su conducta no llegue a ser penada. Es lo que se conoce por desistimiento de la tentativa. 
506 1 |a Contenido solo disponible en los productos indicados  |d vLex Global   |d vLex Global (Academic Edition, excluding Law Schools)   |d vLex Global (U.S. Academic Edition, Law Schools)   |d vLex Global (U.S. Academic Edition, excluding Law Schools)   |d vLex Global (Academic Edition, Law Schools)  
650 4 |a Imprudencia  |x Derecho penal 
650 4 |a Tentativa (Derecho penal)  |z Espaą 
740 0 |a vLex Libros (Servicio en ln̕ea) 
856 4 0 |z Acceso restringido  |u http://vlex.com/source/desistimiento-voluntariado-tentativa-codigo-penal-espa-ol-2730 
942 |c BOOK 
999 0 |a Negligence 
999 0 |a Criminal law